EL COLEGIO DE NUESTRA SEÑORA DE MONTESION EN PALMA DE MALLORCA

Salvato in:
Dettagli Bibliografici
Autore principale: Blanco Trías, Pedro (autor)
Natura: Libro
Tags: Aggiungi Tag
Nessun Tag, puoi essere il primo ad aggiungerne!!

MARC

LEADER 00000nam^a2200000^a^4500
001 000201369
005 20250521000000.0
009 20260310102906.866
035 |a 030326 
037 |a Acervo Xavier Clavigero 
082 |a 265.  |b BLA 
100 |a Blanco Trías, Pedro  |e (autor) 
245 1 3 |a EL COLEGIO DE NUESTRA SEÑORA DE MONTESION EN PALMA DE MALLORCA 
264 |a PALMA DE MALLORCA :  |b MOSSEN ALCOVER,  |c 1948 
300 |a 201 PAG. :  |b il. 
336 |a texto  |b txt  |2 rdacontenido 
337 |a sin mediación  |b n  |2 rdamedio 
338 |a volumen  |b nc  |2 rdasoporte 
649 |a XX 
910 |a Fondo General 
920 |a Impresos - Libros 
930 |a Colección General 
905 |a 101 
901 |a 030326  |b IT1  |c ACC  |u 20250521 
902 |a https://opac.biblio.iteso.mx/vufind/Record/000201369